000 02491cam a2200325 4500500
005 20260329011537.0
041 _afre
042 _adc
100 1 0 _aBrennetot, Arnaud
_eauthor
245 0 0 _aLes géographes et la justice spatiale : généalogie d'une relation compliquée
260 _c2011.
500 _a50
520 _aDepuis plusieurs années, la justice spatiale fait l’objet d’une attention renouvelée. Cette tendance ne doit pas masquer d’importants désaccords théoriques. En remontant aux cinquante dernières années, on s’aperçoit que cette notion recouvre des interprétations très différentes selon les auteurs et les époques. Une telle variété reflète la manière dont les géographes qui ont réfléchi à cette question se sont positionnés au sein du débat intellectuel. Ce constat amène à interroger la part normative et idéologique, longtemps refoulée, du discours géographique tout en permettant de montrer que le pluralisme de la géographie contemporaine résulte très largement des engagements éthiques des spécialistes qui la font.
520 _aGeographers and spatial justice : genealogy of a complicated relationship In recent years, spatial justice has been the subject of renewed attention. This trend should not obscure important theoretical disagreements. Going back to the last fifty years, we realize that this concept covers very different interpretations according to the authors and the historical context. Such variety reflects how geographers who have considered this question have positioned themselves within the intellectual debate. This observation leads to questioning the normative and ideological dimension of the geographical discourse while showing that the pluralism of contemporary geography largely results from ethical commitments on the part of the specialists who do it.
690 _abien-être
690 _aépistémologie
690 _aéquité territoriale
690 _agéoéthique
690 _ainégalités géographiques
690 _ajustice spatiale
690 _autilitarisme
690 _aepistemology
690 _ageoethics
690 _ageographical inequalities
690 _aspatial justice
690 _aterritorial fairness
690 _autilitarianism
786 0 _nAnnales de géographie | 678 | 2 | 2011-04-01 | p. 115-134 | 0003-4010
856 4 1 _uhttps://shs.cairn.info/revue-annales-de-geographie-2011-2-page-115?lang=fr&redirect-ssocas=7080
999 _c1862707
_d1862707